[Event "Seattle Seafair Open"]
[Site "Chess.com"]
[Date "2020.07.19"]
[Round "?"]
[White "Aleksandrov, Aleksej"]
[Black "Bell, Harry"]
[Result "1-0"]
[WhiteElo "2708"]
[BlackElo "2000"]
[PlyCount "95"]
[EventDate "2020.??.??"]

1. d4 d5 2. c4 dxc4 3. Nf3 Nf6 4. e3 e6 5. Bxc4 c5 6. O-O a6 7. dxc5 Qxd1 8.
Rxd1 Bxc5 9. Be2 b5 10. Nbd2 O-O 11. Nb3 Be7 12. Ne5 Bb7 13. f3 Rd8 14. Na5
Rxd1+ 15. Bxd1 Bc8 16. Bd2 Nbd7 17. Nec6 Bd6 18. Bb4 Bxb4 19. Nxb4 Nb6 20. f4
Nbd5 21. Bf3 Rb8 22. Nbc6 Ra8 23. g3 Bd7 24. e4 Nb6 25. Rc1 Kf8 26. Nb4 Ke8 27.
Kf2 Rc8 28. Rxc8+ Bxc8 29. Ke3 Nfd7 30. Kd4 Kd8 31. e5 Kc7 32. g4 Na4 33. Nd3
Kb6 34. b4 Nb8 35. Bd1 Nc6+ 36. Nxc6 Kxc6 37. Bxa4 bxa4 38. a3 Kb5 39. Nc5 h6
40. Ne4 a5 41. Nd6+ Kc6 42. b5+ Kc7 43. b6+ Kb8 44. Nxc8 Kxc8 45. Kc5 Kb7 46.
Kb5 f5 47. gxf5 exf5 48. e6 1-0

[Event "Seattle Seafair Open"]
[Site "Chess.com"]
[Date "2020.07.18"]
[Round "?"]
[White "Aleksandrov, Aleksej"]
[Black "Sairam, Pranav"]
[Result "1-0"]
[WhiteElo "2708"]
[BlackElo "2087"]
[PlyCount "161"]
[EventDate "2020.??.??"]

1. d4 d5 2. c4 e6 3. Nc3 Nf6 4. cxd5 exd5 5. Bg5 Nbd7 6. e3 c6 7. Bd3 Be7 8.
Qc2 O-O 9. Nge2 Re8 10. O-O Nf8 11. f3 g6 12. Rad1 Ne6 13. Bh4 Ng7 14. Bf2 Be6
15. Kh1 Bd6 16. Bg1 Nfh5 17. e4 Nf4 18. Nxf4 Bxf4 19. Ne2 Bd6 20. e5 Be7 21. f4
Qd7 22. h3 f5 23. Qd2 a5 24. Bf2 b6 25. Rc1 Rec8 26. a4 Bb4 27. Qe3 c5 28. Bb5
Qe7 29. Rfd1 c4 30. b3 cxb3 31. Qxb3 Qd8 32. Be1 Bxe1 33. Rxe1 h6 34. Kh2 Rxc1
35. Rxc1 Rc8 36. Rxc8 Qxc8 37. Qc3 Qxc3 38. Nxc3 Bf7 39. Kg3 Ne6 40. Nxd5 Nxd4
41. Nxb6 Nxb5 42. axb5 Be8 43. Nc4 Bxb5 44. Nxa5 Kf7 45. Nb3 Bc4 46. Nd4 Bd5
47. h4 Bb7 48. Kf2 h5 49. g3 Bd5 50. Ke3 Bc4 51. Kd2 Ke7 52. Kc3 Bd5 53. Kb4
Bf7 54. Kc5 Kd7 55. Kb6 Bg8 56. Nc6 Bf7 57. Nb8+ Kc8 58. Na6 Kd7 59. Nc5+ Ke7
60. Kc7 Bd5 61. Nb7 Be6 62. Nd6 Bd5 63. Nc8+ Ke6 64. Kd8 Kf7 65. Ne7 Be6 66.
Nc6 Bd5 67. Kd7 Bc4 68. Nd4 Bd5 69. e6+ Kf6 70. e7 Bf7 71. e8=Q Bxe8+ 72. Kxe8
Kg7 73. Ke7 Kh6 74. Kf6 Kh7 75. Nc6 Kh6 76. Ne5 Kh7 77. Nxg6 Kh6 78. Kxf5 Kg7
79. Kg5 Kh7 80. Kxh5 Kg7 81. Kg5 1-0

[Event "Seattle Seafair Open"]
[Site "Chess.com"]
[Date "2020.07.18"]
[Round "?"]
[White "Aleksandrov, Aleksej"]
[Black "Szeto, Sophie"]
[Result "1-0"]
[WhiteElo "2708"]
[BlackElo "1496"]
[PlyCount "79"]
[EventDate "2020.??.??"]

1. d4 d5 2. c4 e6 3. Nc3 Nf6 4. cxd5 exd5 5. Bg5 Be7 6. e3 h6 7. Bh4 O-O 8. Bd3
Nbd7 9. Nge2 b6 10. O-O Bb7 11. Qc2 c5 12. Rad1 Rc8 13. Bf5 cxd4 14. Nxd4 Ne4
15. Bxe7 Qxe7 16. Bxe4 dxe4 17. Nf5 Qe6 18. Nd6 Ba6 19. Nxc8 Bxf1 20. Qxe4 Qxe4
21. Nxe4 Rxc8 22. Kxf1 Ne5 23. Ke2 Kf8 24. f4 Ng6 25. Nd6 Rc5 26. b4 Rc7 27.
Nb5 Rc4 28. Nxa7 Ke7 29. a3 Nf8 30. Kd3 Rc7 31. Nb5 Rc6 32. Rd2 Rc8 33. Rc2
Rd8+ 34. Ke2 Rd5 35. a4 Rd8 36. Rc6 Rb8 37. Nc3 Nd7 38. Nd5+ Ke8 39. Kd3 Rb7
40. Rc8# 1-0

[Event "Seattle Seafair Open"]
[Site "Chess.com"]
[Date "2020.07.18"]
[Round "?"]
[White "Bablani, Arnav"]
[Black "Chen, Angela"]
[Result "0-1"]
[WhiteElo "909"]
[BlackElo "1421"]
[PlyCount "150"]
[EventDate "2020.??.??"]

1. e4 e5 2. Nf3 Nc6 3. Bb5 a6 4. Bxc6 dxc6 5. Nc3 Bd6 6. O-O Bg4 7. d3 h6 8.
Be3 Nf6 9. d4 O-O 10. dxe5 Bxf3 11. Qxf3 Bxe5 12. Rad1 Qe7 13. a3 Rad8 14. Bf4
Bxc3 15. bxc3 Qxe4 16. Qxe4 Nxe4 17. Rxd8 Rxd8 18. Bxc7 Rd7 19. Be5 f6 20. Bd4
c5 21. Be3 b6 22. c4 g5 23. h3 f5 24. f4 Rf7 25. g3 Nxg3 26. Rf2 Ne4 27. Rg2
Rg7 28. fxg5 hxg5 29. Kh2 Kf7 30. Rg1 Nd6 31. Bxg5 Nxc4 32. a4 Ne5 33. h4 Nf3+
34. Kg2 Nxg1 35. Kxg1 Ke6 36. Kf2 Ke5 37. Ke3 Rd7 38. h5 Rg7 39. Bf4+ Kd5 40.
h6 Re7+ 41. Kf3 Kc4 42. Bg5 Rh7 43. Kf4 Kc3 44. Kxf5 Kxc2 45. Kg6 Rxh6+ 46.
Bxh6 Kb3 47. Kf5 Kxa4 48. Ke5 b5 49. Kd5 c4 50. Kc5 c3 51. Kd4 b4 52. Kc4 Ka3
53. Kd3 Kb3 54. Bc1 a5 55. Kd4 Kc2 56. Be3 b3 57. Kc4 b2 58. Bd4 b1=Q 59. Bxc3
Qb3+ 60. Kd4 a4 61. Ba1 Qd3+ 62. Kc5 a3 63. Kb4 a2 64. Ka4 Qb3+ 65. Ka5 Kb1 66.
Bd4 a1=Q+ 67. Bxa1 Kxa1 68. Ka6 Qb4 69. Ka7 Qb5 70. Ka8 Kb2 71. Ka7 Kc3 72. Ka8
Kc4 73. Ka7 Kc5 74. Ka8 Kc6 75. Ka7 Qb7# 0-1

[Event "Seattle Seafair Open"]
[Site "Chess.com"]
[Date "2020.07.19"]
[Round "?"]
[White "Bablani, Arnav"]
[Black "Liu, Morris"]
[Result "1-0"]
[WhiteElo "909"]
[BlackElo "101"]
[PlyCount "51"]
[EventDate "2020.??.??"]

1. e4 e5 2. Nf3 Nc6 3. Bb5 a6 4. Bxc6 bxc6 5. Nc3 Nf6 6. Nxe5 d5 7. exd5 cxd5
8. d4 Bg4 9. f3 Bf5 10. O-O Bb4 11. Re1 O-O 12. Bg5 h6 13. Bh4 Qd7 14. Nxd7
Rfd8 15. Nxf6+ gxf6 16. Bxf6 Rd6 17. Be5 Re6 18. f4 f6 19. Bxc7 Ra7 20. Rxe6
Bxe6 21. Bb6 Rb7 22. Bc5 Rb5 23. Nxb5 axb5 24. Bxb4 Bd7 25. Qh5 Kh7 26. f5 1-0

[Event "Seattle Seafair Open"]
[Site "Chess.com"]
[Date "2020.07.18"]
[Round "?"]
[White "Bansal, Amay"]
[Black "Moore, Michael"]
[Result "0-1"]
[WhiteElo "1112"]
[BlackElo "1950"]
[PlyCount "62"]
[EventDate "2020.??.??"]

1. d4 Nf6 2. c4 e6 3. Nc3 Bb4 4. Bd2 O-O 5. Nf3 c5 6. e3 d5 7. Bd3 Nc6 8. cxd5
exd5 9. O-O c4 10. Bc2 Re8 11. h3 h6 12. a3 Bf8 13. Re1 Ne4 14. b3 cxb3 15.
Bxb3 Nxc3 16. Bxc3 Bf5 17. Qd2 a5 18. Ba4 Re6 19. Bc2 Be4 20. Reb1 Bd6 21. Bxe4
dxe4 22. Ne5 Bxe5 23. dxe5 Qc7 24. Rb5 Nxe5 25. Qb2 Nd3 26. Rxb7 Qc8 27. Qb5
Qxc3 28. Rb1 Qc2 29. Qf5 Rf8 30. Kh2 Qxf2 31. Rxf7 Qxf5 0-1

[Event "Seattle Seafair Open"]
[Site "Chess.com"]
[Date "2020.07.19"]
[Round "?"]
[White "Bansal, Amay"]
[Black "Szeto, Sophie"]
[Result "0-1"]
[WhiteElo "1112"]
[BlackElo "1496"]
[PlyCount "80"]
[EventDate "2020.??.??"]

1. e4 c5 2. Nc3 d6 3. g3 Nc6 4. Bg2 Nf6 5. d3 g6 6. h3 Bg7 7. Be3 O-O 8. Qd2
Re8 9. f4 Bd7 10. Nf3 Qb6 11. O-O Nd4 12. Rab1 Rac8 13. g4 Bc6 14. Ne2 Nxe2+
15. Qxe2 Nd7 16. f5 Qa6 17. Qf2 Qxa2 18. Ng5 Nf6 19. Bd2 Qa6 20. Bc3 b5 21. Ra1
Qb6 22. Ba5 Qb7 23. b4 Nxe4 24. Qh4 Nxg5 25. fxg6 hxg6 26. Bxc6 Qxc6 27. Qxg5
Bxa1 28. Rxa1 cxb4 29. Bxb4 Qxc2 30. Rf1 Qxd3 31. Qf4 Qd5 32. Qh6 Qd4+ 33. Kh1
Qxb4 34. Rxf7 Qb1+ 35. Kg2 Kxf7 36. Qf4+ Kg8 37. Qh6 Rc2+ 38. Kg3 Rc3+ 39. Kh4
Qe1+ 40. Kg5 Qe3+ 0-1

[Event "Seattle Seafair Open"]
[Site "Chess.com"]
[Date "2020.07.19"]
[Round "?"]
[White "Beck, Alec"]
[Black "Levine, Joseph"]
[Result "0-1"]
[WhiteElo "1942"]
[BlackElo "2179"]
[PlyCount "104"]
[EventDate "2020.??.??"]

1. d4 d5 2. c4 e6 3. Nc3 Nf6 4. cxd5 exd5 5. Bg5 c6 6. e3 Bd6 7. Nf3 O-O 8. Bd3
Re8 9. O-O Nbd7 10. Qc2 Nf8 11. Rab1 Ng6 12. b4 h6 13. Bxf6 Qxf6 14. e4 Nh4 15.
Nxh4 Qxh4 16. e5 Bf8 17. f4 a5 18. b5 c5 19. Nxd5 Qd8 20. Be4 Be6 21. Qc4 cxd4
22. Qxd4 Rc8 23. Qd3 b6 24. Rfd1 Bc5+ 25. Kh1 Qh4 26. g3 Qh5 27. Bf3 Qh3 28.
Bg2 Qh5 29. Bf3 Bg4 30. Bxg4 Qxg4 31. Kg2 Kh8 32. Qf3 Qf5 33. Qd3 Qg4 34. Qf3
Qe6 35. Rd2 Red8 36. Rbd1 Rd7 37. a4 Rcd8 38. Rd3 Qf5 39. Qe2 h5 40. Qf3 g6 41.
h3 Kg7 42. g4 hxg4 43. hxg4 Qe6 44. Kg3 Rh8 45. Rh1 Rdd8 46. Rdd1 Rxh1 47. Qxh1
g5 48. Qe4 gxf4+ 49. Kxf4 Qh6+ 50. Kg3 Rh8 51. Nf4 Qh2+ 52. Kf3 Qf2# 0-1

[Event "Seattle Seafair Open"]
[Site "Chess.com"]
[Date "2020.07.19"]
[Round "?"]
[White "Bell, Harry"]
[Black "Zhuang, Kyle"]
[Result "1-0"]
[WhiteElo "2000"]
[BlackElo "1637"]
[PlyCount "51"]
[EventDate "2020.??.??"]

1. Nf3 Nf6 2. d4 g6 3. Bf4 Bg7 4. Nbd2 d6 5. e4 O-O 6. Bd3 Nbd7 7. O-O Qe8 8.
h3 Nh5 9. Be3 e5 10. c3 f5 11. dxe5 dxe5 12. Nc4 f4 13. Bd2 Nc5 14. Bc2 Qe7 15.
b4 Nd7 16. Qe2 g5 17. Nfxe5 Bxe5 18. Qxh5 Rf7 19. Bb3 Bf6 20. e5 Bxe5 21. Nxe5
Nxe5 22. Rfe1 Bf5 23. Rxe5 Qxe5 24. Qxf7+ Kh8 25. Re1 Qg7 26. Re8+ 1-0

[Event "Seattle Seafair Open"]
[Site "Chess.com"]
[Date "2020.07.18"]
[Round "?"]
[White "Bell, Harry"]
[Black "Zhang, Michelle"]
[Result "1-0"]
[WhiteElo "2000"]
[BlackElo "1267"]
[PlyCount "63"]
[EventDate "2020.??.??"]

1. Nf3 d5 2. d4 Nf6 3. Bf4 c5 4. e3 Nc6 5. c3 Bg4 6. h3 Bh5 7. Nbd2 e6 8. g4
Bg6 9. Nh4 Bd6 10. Nxg6 hxg6 11. Qf3 O-O 12. Be2 Rc8 13. h4 Nh7 14. Qg3 Be7 15.
g5 Re8 16. Nf3 cxd4 17. exd4 Qb6 18. b3 Qa5 19. Bd2 Qc7 20. Qh3 f6 21. Qxe6+
Kf8 22. Qxd5 Qd6 23. Qxd6 Bxd6 24. Kf1 Re7 25. Bd3 f5 26. Kg2 Rce8 27. h5 Kf7
28. Bc4+ Re6 29. hxg6+ Kxg6 30. Bxe6 Rxe6 31. d5 Re2 32. dxc6 1-0

[Event "Seattle Seafair Open"]
[Site "Chess.com"]
[Date "2020.07.19"]
[Round "?"]
[White "Bernadskiy, Vitaliy"]
[Black "Guo, Veronica"]
[Result "1-0"]
[WhiteElo "2702"]
[BlackElo "1683"]
[PlyCount "101"]
[EventDate "2020.??.??"]

1. e4 c6 2. d4 d5 3. e5 Bf5 4. h4 h5 5. c4 e6 6. Nc3 Ne7 7. Nge2 Nd7 8. Ng3 Bg6
9. Bg5 Qb6 10. Rc1 Nf5 11. Nxf5 Bxf5 12. cxd5 cxd5 13. Bb5 Qa5 14. O-O Bb4 15.
Qb3 Rc8 16. Nxd5 Rxc1 17. Rxc1 O-O 18. Qxb4 Qxb4 19. Nxb4 Nb6 20. Rc7 f6 21.
exf6 gxf6 22. Bh6 Rf7 23. Rxf7 Kxf7 24. Bd3 Bxd3 25. Nxd3 Nc4 26. b3 Nd6 27. g3
Nb5 28. Be3 a6 29. Nf4 Nc3 30. Nxh5 Nxa2 31. Bd2 b6 32. Nf4 a5 33. h5 Nb4 34.
Bxb4 axb4 35. Nd3 Kg7 36. Nxb4 Kh6 37. g4 b5 38. Kg2 Kg5 39. Kg3 f5 40. f4+ Kh6
41. gxf5 Kxh5 42. fxe6 Kg6 43. d5 Kf6 44. f5 Ke7 45. Kf4 Kf8 46. f6 Ke8 47. Nc6
b4 48. d6 Kf8 49. d7 Kg8 50. Kg5 Kh7 51. Kh5 1-0

[Event "Seattle Seafair Open"]
[Site "Chess.com"]
[Date "2020.07.18"]
[Round "?"]
[White "Bernadskiy, Vitaliy"]
[Black "Zhang, Zachary T."]
[Result "1-0"]
[WhiteElo "2702"]
[BlackElo "1863"]
[PlyCount "107"]
[EventDate "2020.??.??"]

1. d4 f5 2. Bg5 g6 3. Nc3 Bg7 4. e4 fxe4 5. Nxe4 d5 6. Nc5 b6 7. Nd3 Bxd4 8.
Nf3 Bg7 9. Nde5 Bb7 10. Bd3 Qd6 11. Qe2 Nf6 12. O-O-O Nbd7 13. Nxd7 Nxd7 14.
Rhe1 Bf6 15. Bxf6 Qxf6 16. h4 Nc5 17. Kb1 O-O-O 18. Qxe7 Rdf8 19. Qe3 Ne4 20.
Re2 Re8 21. Qh6 c5 22. Bxe4 dxe4 23. Ng5 Re7 24. Red2 Rhe8 25. a3 c4 26. c3 Qf5
27. Ka1 a5 28. Nh3 e3 29. fxe3 Rxe3 30. Qxh7 Bc6 31. Rd6 Qc5 32. Qa7 R3e7 33.
Qa6+ Kc7 34. R6d4 Bb5 35. Qa7+ Kc8 36. Rd8+ Rxd8 37. Qa8+ Kc7 38. Rxd8 Re1+ 39.
Ka2 Bd7 40. Rb8 Qb5 41. Qa7+ Kc6 42. Qb7+ Kc5 43. Qc7+ Qc6 44. Qg3 Qe4 45. Qf2+
Qe3 46. Qf6 Qe6 47. Qd4+ Kb5 48. Nf4 Qc6 49. Nd5 Re6 50. Rxb6+ Qxb6 51. Nxb6
Rxb6 52. Qxd7+ Ka6 53. Qc8+ Ka7 54. Qxc4 1-0

[Event "Seattle Seafair Open"]
[Site "Chess.com"]
[Date "2020.07.18"]
[Round "?"]
[White "Boey, Chad"]
[Black "Zhang, Michael"]
[Result "1-0"]
[WhiteElo "1496"]
[BlackElo "977"]
[PlyCount "97"]
[EventDate "2020.??.??"]

1. e4 e5 2. Nf3 Nc6 3. c3 Nf6 4. d4 exd4 5. e5 Ng4 6. cxd4 Bb4+ 7. Nc3 O-O 8.
h3 Ngxe5 9. dxe5 Nxe5 10. Be2 Nxf3+ 11. Bxf3 Re8+ 12. Be3 Bc5 13. Qd2 Bxe3 14.
fxe3 Qe7 15. e4 d6 16. O-O Qf6 17. Nd5 Qd8 18. Qf4 c6 19. Nc3 Qb6+ 20. Rf2 Re6
21. Qd2 Rg6 22. Kh2 Qc7 23. Kh1 d5 24. Bh5 Rh6 25. Bxf7+ Kh8 26. Qf4 Qe7 27.
Bh5 Rf6 28. Qe3 Rd6 29. exd5 Qd8 30. Qe8+ Qxe8 31. Bxe8 Rf6 32. Rxf6 gxf6 33.
dxc6 bxc6 34. Bxc6 Rb8 35. b3 Be6 36. Re1 Bf5 37. Bd5 Rc8 38. Bc4 Bd3 39. Bxd3
Rxc3 40. Bc4 Rc2 41. a4 Ra2 42. Re3 Ra1+ 43. Kh2 Rd1 44. Re7 Rd8 45. Rxa7 f5
46. Rf7 Rg8 47. Rxf5 h6 48. Bxg8 Kxg8 49. a5 1-0

[Event "Seattle Seafair Open"]
[Site "Chess.com"]
[Date "2020.07.19"]
[Round "?"]
[White "Boey, Chad"]
[Black "Chen, Minda"]
[Result "1/2-1/2"]
[WhiteElo "1496"]
[BlackElo "1966"]
[PlyCount "184"]
[EventDate "2020.??.??"]

1. e4 c5 2. d4 cxd4 3. c3 Nf6 4. e5 Nd5 5. Nf3 Nc6 6. cxd4 d6 7. Bc4 Nb6 8. Bb3
h6 9. e6 Bxe6 10. d5 Nxd5 11. Bxd5 Qa5+ 12. Nc3 Bxd5 13. Qxd5 Qxd5 14. Nxd5 Kd7
15. O-O e6 16. Nc3 Be7 17. Bf4 g5 18. Bg3 f5 19. h3 h5 20. Rfd1 f4 21. Bh2 Raf8
22. Ne4 g4 23. Nc5+ Kc8 24. Nxe6 Rfg8 25. Bxf4 gxf3 26. g3 h4 27. g4 Rg6 28.
Nd4 Rf8 29. Be3 Ne5 30. Kh1 a6 31. Nf5 Kd7 32. Rac1 Re8 33. Bf4 Bd8 34. Rc3 Nf7
35. Rxf3 Re2 36. Rd2 Re1+ 37. Kg2 Re4 38. Bh2 Bg5 39. Rc2 Ne5 40. Rfc3 Bd8 41.
f3 Re1 42. Bf4 Ba5 43. Rb3 b5 44. Re3 Rxe3 45. Bxe3 Nc4 46. Bf2 Bd8 47. b3 Ne5
48. Bxh4 Bxh4 49. Nxh4 Re6 50. Nf5 Nd3 51. Kg3 a5 52. h4 a4 53. bxa4 bxa4 54.
h5 Nc5 55. h6 Re8 56. Rd2 Nb7 57. Rd4 a3 58. Ra4 Re1 59. Rxa3 Rh1 60. Ra8 Ke6
61. h7 Rxh7 62. Ra7 d5 63. Nd4+ Kd6 64. a4 Kc5 65. Ne6+ Kb6 66. Ra8 Re7 67. Nd4
Re1 68. g5 Kc5 69. Nb5 d4 70. Rc8+ Kd5 71. Rc7 Nc5 72. Rc8 d3 73. Kf4 Kc4 74.
Nd6+ Kb4 75. Ne4 Rxe4+ 76. fxe4 d2 77. Rd8 Ne6+ 78. Ke3 Nxd8 79. Kxd2 Kxa4 80.
Ke3 Kb5 81. Kf4 Kc6 82. Kf5 Kd7 83. g6 Ke8 84. e5 Ke7 85. Kg5 Ne6+ 86. Kh6 Kf8
87. Kh7 Ng7 88. Kh6 Ne6 89. Kh5 Kg7 90. Kg4 Kxg6 91. Kf3 Kf5 92. Ke3 Kxe5
1/2-1/2

[Event "Seattle Seafair Open"]
[Site "Chess.com"]
[Date "2020.07.18"]
[Round "?"]
[White "Boey, Chad"]
[Black "Bernadskiy, Vitaliy"]
[Result "0-1"]
[WhiteElo "1496"]
[BlackElo "2702"]
[PlyCount "82"]
[EventDate "2020.??.??"]

1. e4 c5 2. d4 cxd4 3. c3 d3 4. Bxd3 Nc6 5. c4 g6 6. Nf3 Bg7 7. O-O d6 8. h3
Nf6 9. Nc3 O-O 10. Be3 b6 11. Rc1 Bb7 12. Qe2 Rc8 13. Rfd1 Nd7 14. b3 a6 15.
Bb1 Nc5 16. Nh2 Ne6 17. Nf3 Nc5 18. Nh2 Ne5 19. f4 Ned7 20. b4 Bxc3 21. bxc5
Bb4 22. cxd6 exd6 23. Nf3 Qe7 24. Bd4 Bc5 25. Re1 Rfe8 26. Kh2 Bxd4 27. Nxd4
Qf6 28. Qe3 Bxe4 29. Bxe4 Nc5 30. Ne2 Rxe4 31. Qd2 Rce8 32. g3 Qe7 33. Rc2 Re3
34. Kg1 Nd3 35. Rd1 Qe4 36. Nc3 Rxg3+ 37. Kh2 Qf3 38. Qg2 Rxg2+ 39. Rxg2 Nxf4
40. Rg3 Qf2+ 41. Kh1 Qxg3 0-1

[Event "Seattle Seafair Open"]
[Site "Chess.com"]
[Date "2020.07.18"]
[Round "?"]
[White "Brown, Northern"]
[Black "Liu, Yuntao"]
[Result "1-0"]
[WhiteElo "1480"]
[BlackElo "1059"]
[PlyCount "115"]
[EventDate "2020.??.??"]

1. Nf3 d5 2. g3 Nf6 3. Bg2 c5 4. d3 Nc6 5. O-O Bg4 6. Nbd2 e6 7. e4 Be7 8. exd5
exd5 9. Re1 O-O 10. Nf1 d4 11. Bf4 Bd6 12. Bg5 h6 13. Bxf6 Qxf6 14. N1d2 Rfe8
15. Ne4 Qg6 16. Qd2 Bxf3 17. Bxf3 Ne5 18. Bg2 Bf8 19. Qa5 b6 20. Qb5 Rad8 21.
Nd2 Re6 22. Nc4 Nxc4 23. Qxc4 Rde8 24. Rxe6 Qxe6 25. Qxe6 Rxe6 26. Be4 f6 27.
Bd5 Kf7 28. Re1 Ke7 29. Bxe6 Kd6 30. Bf5 b5 31. Re8 Be7 32. Ra8 c4 33. Rxa7
cxd3 34. Bxd3 Ke6 35. Bxb5 Bc5 36. Rxg7 Bf8 37. Rd7 Bc5 38. a4 Ke5 39. a5 f5
40. a6 Bb6 41. a7 Bxa7 42. Rxa7 Kd5 43. Bd3 Ke5 44. Kg2 f4 45. Kf3 fxg3 46.
hxg3 h5 47. Ra5+ Kf6 48. Kf4 h4 49. Ra6+ Kf7 50. Kf5 h3 51. Ra7+ Ke8 52. Ke6
Kf8 53. Be4 d3 54. cxd3 h2 55. b4 h1=B 56. Bxh1 Kg8 57. Kf6 Kh8 58. Kg6 1-0

[Event "Seattle Seafair Open"]
[Site "Chess.com"]
[Date "2020.07.19"]
[Round "?"]
[White "Brown, Northern"]
[Black "Devadithya, Hiruna"]
[Result "1/2-1/2"]
[WhiteElo "1480"]
[BlackElo "1148"]
[PlyCount "74"]
[EventDate "2020.??.??"]

1. Nf3 d5 2. g3 Nc6 3. d4 Nf6 4. Bg2 Bf5 5. c4 dxc4 6. Nc3 e6 7. Bg5 Bd6 8. e4
Bxe4 9. Nxe4 Be7 10. Nxf6+ Bxf6 11. Bxf6 Qxf6 12. O-O O-O-O 13. Qa4 Nxd4 14.
Nxd4 Qxd4 15. Rad1 Qc5 16. Rc1 Rd4 17. Qc2 Qd6 18. Rfd1 Rxd1+ 19. Qxd1 Qxd1+
20. Rxd1 b5 21. Bc6 a6 22. Kg2 Rd8 23. Rxd8+ Kxd8 24. Bb7 a5 25. Ba6 c6 26. a4
Kc7 27. axb5 Kb6 28. Bc8 cxb5 29. Bd7 Kc5 30. Be8 f6 31. Kf3 b4 32. Ke3 b3 33.
Kd2 Kb4 34. Bf7 e5 35. Bg8 h6 36. g4 a4 37. h4 g5 1/2-1/2

[Event "Seattle Seafair Open"]
[Site "Chess.com"]
[Date "2020.07.19"]
[Round "?"]
[White "Bunch, Drew"]
[Black "Colombo, Dominic"]
[Result "1/2-1/2"]
[WhiteElo "1169"]
[BlackElo "1960"]
[PlyCount "143"]
[EventDate "2020.??.??"]

1. e4 c5 2. Nf3 d6 3. d4 cxd4 4. Nxd4 Nf6 5. Nc3 a6 6. Bc4 b5 7. Bd3 e5 8. Nde2
Bb7 9. Bg5 Nbd7 10. a4 b4 11. Nd5 Bxd5 12. exd5 Qa5 13. c4 bxc3 14. Nxc3 Rb8
15. Bxf6 Nxf6 16. Rb1 Be7 17. O-O O-O 18. Qe2 Rb6 19. f4 Re8 20. Kh1 Bd8 21.
Rbe1 Bc7 22. fxe5 dxe5 23. Qf2 Re7 24. Qh4 Qb4 25. Qh3 Qg4 26. Qxg4 Nxg4 27.
Ne4 Nf6 28. Nxf6+ gxf6 29. Re2 Rd7 30. Bc4 Rd8 31. Ref2 Kg7 32. b3 e4 33. g4
Re8 34. Re2 Rd6 35. Rfe1 f5 36. gxf5 Rh6 37. Rxe4 Rxh2+ 38. Kg1 Rxe4 39. Rxe4
Rd2 40. Re2 Rd1+ 41. Kg2 a5 42. Re7 Bd6 43. Rd7 Bb4 44. d6 Rxd6 45. Rxd6 Bxd6
46. Kf3 f6 47. Kg4 Kh6 48. Be6 Bb4 49. Bc4 Bd2 50. Be6 Kg7 51. Bc4 Kf8 52. Bd5
Ke7 53. Bg8 h6 54. Be6 Kd6 55. Bf7 Ke5 56. Bg6 Bc1 57. Kh5 Ke4 58. Bh7 Kd4 59.
Bg6 Kc3 60. Bf7 Kb4 61. Bc4 Kc5 62. Bf7 Kd4 63. Bg6 Ke4 64. Bh7 Ke5 65. Bg6 Kd6
66. Bh7 Bd2 67. Bg6 Ke7 68. Bh7 Kf8 69. Bg6 Be3 70. Bh7 Kg7 71. Bg6 Bg5 72. Be8
1/2-1/2

[Event "Seattle Seafair Open"]
[Site "Chess.com"]
[Date "2020.07.18"]
[Round "?"]
[White "Bunch, Drew"]
[Black "Beck, Alec"]
[Result "0-1"]
[WhiteElo "1169"]
[BlackElo "1942"]
[PlyCount "64"]
[EventDate "2020.??.??"]

1. e4 c5 2. Nf3 e6 3. d4 cxd4 4. Nxd4 Nf6 5. Nc3 Nc6 6. Bg5 Be7 7. Ndb5 O-O 8.
Nd6 a6 9. Qd2 Qc7 10. O-O-O b5 11. f3 b4 12. Na4 Qa5 13. b3 Qe5 14. Kb1 Nd5 15.
exd5 Bxg5 16. Qe2 Qxd6 17. dxc6 Qxc6 18. h4 Bf6 19. g4 g6 20. g5 Bg7 21. h5 Bb7
22. Rd3 Rac8 23. hxg6 fxg6 24. Bg2 a5 25. Qd2 Rf7 26. Rd6 Qb5 27. f4 Bxg2 28.
Qxg2 Rxf4 29. Qd2 Qe5 30. c3 bxc3 31. Qd3 c2+ 32. Kc1 Qa1+ 0-1

[Event "Seattle Seafair Open"]
[Site "Chess.com"]
[Date "2020.07.18"]
[Round "?"]
[White "Bunch, Drew"]
[Black "Tang, Zoe"]
[Result "1-0"]
[WhiteElo "1169"]
[BlackElo "2097"]
[PlyCount "129"]
[EventDate "2020.??.??"]

1. e4 c5 2. Nf3 a6 3. d4 cxd4 4. Nxd4 Nf6 5. Nc3 e5 6. Nf3 Bb4 7. Bc4 O-O 8.
Qd3 Bxc3+ 9. bxc3 d6 10. Ba3 Nc6 11. Bxd6 Bg4 12. Bxf8 Qxf8 13. O-O b5 14. Bd5
Rd8 15. Rad1 h5 16. Qe3 Nxd5 17. Rxd5 Re8 18. Qc5 Na5 19. Qxf8+ Kxf8 20. Rfd1
Nc4 21. Rd8 f6 22. Rxe8+ Kxe8 23. h3 Be6 24. Ne1 Ke7 25. Nd3 Nd6 26. Nc5 Bxa2
27. Ra1 Bc4 28. Rxa6 Ne8 29. Nd3 Nc7 30. Rb6 Ne6 31. Nb2 Be2 32. Nd3 Bd1 33.
Rxb5 Bxc2 34. Nc5 Nf4 35. Rb2 Bd1 36. Rd2 Be2 37. g3 Nxh3+ 38. Kg2 Bg4 39. f3
Bc8 40. Ra2 Ng5 41. f4 exf4 42. gxf4 Nh3 43. Ra7+ Kd6 44. Rxg7 Nxf4+ 45. Kf3
Nh3 46. Nd3 h4 47. Ke3 Be6 48. Nf4 Nxf4 49. Kxf4 h3 50. Rh7 Bc8 51. Rh6 Ke7 52.
Ke3 Bg4 53. Kd4 Bc8 54. Kc5 Bg4 55. Kd5 f5 56. e5 Bf3+ 57. Kd4 Bg2 58. Ke3 Kf7
59. Kf4 Kg7 60. Rh4 Kg6 61. e6 Bf1 62. e7 Kf7 63. Rh7+ Ke8 64. Ke5 Kd7 65. Kf6
1-0

[Event "Seattle Seafair Open"]
[Site "Chess.com"]
[Date "2020.07.19"]
[Round "?"]
[White "Chan, Skylor"]
[Black "McConnell, Griffin"]
[Result "0-1"]
[WhiteElo "1077"]
[BlackElo "2051"]
[PlyCount "94"]
[EventDate "2020.??.??"]

1. e4 c6 2. d4 d5 3. Nc3 dxe4 4. Nxe4 Bf5 5. Ng3 Bg6 6. Nf3 Nd7 7. Bd3 e6 8. b3
Ngf6 9. c4 Bb4+ 10. Kf1 Qc7 11. Bb2 Bxd3+ 12. Qxd3 O-O 13. a3 Bd6 14. Re1 Rfe8
15. Ne4 Be7 16. Nxf6+ Bxf6 17. Qe4 Rad8 18. h4 c5 19. Ne5 Bxe5 20. dxe5 Nf8 21.
h5 Qc6 22. Qg4 Rd3 23. h6 g6 24. Qh4 Nd7 25. b4 cxb4 26. axb4 Rc8 27. Rc1 Qa4
28. Rh3 Rd1+ 29. Ke2 Rxc1 30. Bxc1 Qc2+ 31. Bd2 Qxc4+ 32. Ke1 Qxh4 33. Rxh4 Kf8
34. Re4 Ke8 35. f4 Nb6 36. Ke2 Nd5 37. Kd3 Kd7 38. Rd4 b6 39. Rc4 Rxc4 40. Kxc4
Kc6 41. g4 Ne7 42. g5 b5+ 43. Kb3 Kd5 44. Be3 a6 45. Bd2 Ke4 46. Bc1 Nd5 47.
Bd2 Nxf4 0-1

[Event "Seattle Seafair Open"]
[Site "Chess.com"]
[Date "2020.07.19"]
[Round "?"]
[White "Chan, Skylor"]
[Black "Vemparala, Nikash"]
[Result "1/2-1/2"]
[WhiteElo "1077"]
[BlackElo "1684"]
[PlyCount "49"]
[EventDate "2020.??.??"]

1. e4 e5 2. Nf3 Nc6 3. Bc4 Bc5 4. c3 Nf6 5. d4 exd4 6. cxd4 Bb4+ 7. Bd2 Bxd2+
8. Nbxd2 d5 9. exd5 Nxd5 10. O-O O-O 11. Rc1 Nb6 12. Bb3 a5 13. a4 Bg4 14. h3
Bh5 15. Rc5 Bg6 16. Nc4 Nxc4 17. Bxc4 Re8 18. Qb3 Nb4 19. Ne5 Re7 20. Nxg6 hxg6
21. Re5 Qd7 22. Rfe1 Rxe5 23. Rxe5 b6 24. Qf3 Rf8 25. Bb3 1/2-1/2

[Event "Seattle Seafair Open"]
[Site "Chess.com"]
[Date "2020.07.18"]
[Round "?"]
[White "Chan, Skylor"]
[Black "Tien, Sophie"]
[Result "1/2-1/2"]
[WhiteElo "1077"]
[BlackElo "1916"]
[PlyCount "73"]
[EventDate "2020.??.??"]

1. e4 e5 2. Nf3 Nc6 3. Bc4 Bc5 4. c3 Nf6 5. d4 exd4 6. cxd4 Bb4+ 7. Bd2 Bxd2+
8. Nbxd2 d5 9. exd5 Nxd5 10. O-O O-O 11. Rc1 Nb6 12. Bb3 a5 13. a4 Bg4 14. h3
Bh5 15. Re1 Nxd4 16. Rc5 Bxf3 17. Nxf3 Nxb3 18. Qxb3 c6 19. Rce5 Nd7 20. Re7
Nc5 21. Qa3 b6 22. R7e3 Qd6 23. Ne5 Rad8 24. Nc4 Qc7 25. Nxa5 Rd4 26. b4 bxa5
27. bxc5 Qf4 28. Re8 Rxa4 29. Qd3 g6 30. Qd8 Rxe8 31. Rxe8+ Kg7 32. g3 Qc1+ 33.
Kh2 Qxc5 34. Rg8+ Kh6 35. Qf6 Qf5 36. Qg7+ Kg5 37. f4+ 1/2-1/2

[Event "Seattle Seafair Open"]
[Site "Chess.com"]
[Date "2020.07.19"]
[Round "?"]
[White "Chen, Angela"]
[Black "Zhang, Michael"]
[Result "0-1"]
[WhiteElo "1421"]
[BlackElo "977"]
[PlyCount "74"]
[EventDate "2020.??.??"]

1. e4 e5 2. Nf3 Nc6 3. Bc4 Bc5 4. d3 Nf6 5. Bg5 h6 6. Bh4 g5 7. Bg3 d6 8. O-O
Bg4 9. h3 Bh5 10. c3 g4 11. hxg4 Bxg4 12. Nbd2 h5 13. Qc2 d5 14. exd5 Nxd5 15.
Nxe5 h4 16. Nxc6 bxc6 17. Rfe1+ Kf8 18. Be5 Rh6 19. d4 h3 20. dxc5 hxg2 21.
Kxg2 Bh3+ 22. Kg1 Qg5+ 23. Bg3 Nf4 24. Qe4 Rg6 25. Nf3 Qf6 26. Ne5 Rg7 27. Nd7+
Bxd7 28. Re3 Nh3+ 29. Kg2 Nf4+ 30. Kg1 Nh3+ 31. Kf1 Rxg3 32. Ke2 Qxf2+ 33. Kd3
Bf5 34. Kd4 Bxe4 35. Kxe4 Rxe3+ 36. Kd4 Qd2+ 37. Bd3 Qxd3# 0-1